| 000 | 01155nam a22003377a 4500 | ||
|---|---|---|---|
| 003 | CHAP | ||
| 005 | 20220329134413.0 | ||
| 008 | 971013s1980 r 00010 d | ||
| 010 | _a20028 | ||
| 011 | _a21000 | ||
| 035 | _a25089 | ||
| 040 | _cCHAP | ||
| 082 |
_a634.956 _bB6 |
||
| 100 | 0 | 0 |
_aBonilla Beas, Reyes. _913692 |
| 245 | _aAspectos políticos de las plantaciones forestales | ||
| 260 |
_aMéxico, D. F. : _b(s.e.), _c1980 |
||
| 300 |
_a103 h. _b; apénd. mapas |
||
| 500 | _aPonencia presentada en : Reunión sobre Plantaciones Forestales. (2 : 1980 :Tuxtla Gutiérrez, Chiapas) | ||
| 590 |
_aBATCH-UPD _b10 _c20130110 _lUCH01 _h0153 |
||
| 590 |
_aBATCH-UPD _b10 _c20130110 _lUCH01 _h1820 |
||
| 590 |
_aBATCH-UPD _b10 _c20130409 _lUCH01 _h2154 |
||
| 590 |
_aBATCH-UPD _b10 _c20130410 _lUCH01 _h1154 |
||
| 590 |
_aBATCH-UPD _b10 _c20130914 _lUCH01 _h0456 |
||
| 590 |
_aCONVERSION _b10 _c20130109 _lUCH01 _h1312 |
||
| 650 | 1 | 4 |
_aPlantación de árboles. _988782 |
| 650 | 1 | 4 |
_aReforestación. _995474 |
| 700 | 0 |
_aAvila Hernández, Mario. _98794 |
|
| 901 | _aBK | ||
| 942 | _cLIBRO | ||
| 949 |
_a634.956 B6 _bBC _cLIBRO _d-57798 _eLIBRO _h49491 _i25089 _mD _si |
||
| 999 |
_c20028 _d20028 |
||